000 01937cam a2200277 4500
999 _c22434
_d22434
001 1259487
003 BDDh-ASL
005 20231015030131.0
008 730926s1972 ii a b 000 0 eng
010 _a 73901964
040 _aDLC
_cDLC
_dDLC
_dBDDh-ASL
043 _aa-ii---
050 0 0 _aDS437
_b.A86
082 0 0 _a954.306
_bASP
245 0 0 _aAspects of Indian culture and society :
_bessays in felicitation of Professor Nirmal Kumar Bose /
_cEdited by Surajit Sinha.
260 _a[Calcutta]
_bIndian Anthropological Society
_c[1972]
300 _a248 p. :
_billus.
_c25 cm.
350 _aRs30.00 ($10.00 U.S.)
504 _aIncludes bibliographies.
505 0 _aAnthropology of Nirmal Kumar Bose, by S. Sinha.--An outline framework for the study of politics in village India, by F. G. Bailey.--Anthropology of Indian civilization, by G. Sarana.--Sociology of national integration, by B. K. Roy Burman.--Aspects of social change in rural Bengal in the 19th century, by B. Ghose--Scope for urban anthropology and the city of Calcutta, by S. Sinha.--Clerks and skilled manual workers: some consideration for research on Calcutta, by A. Beteille.--The recent kings of Puri; a study in secularization, by N. Patnaik.--Gandhi the humanist, by B. Bhattacharyya.--Iron smelters and the indigenous iron & steel industry of India: from stagnation to atrophy, by S. Bhattacharyya.--Traditional modes of learning in Indian civilization, by B. Saraswati.--Curing and religion in South Asia, by D. G. Mandelbaum.--Religious architecture in Bengal (15th-17th century); a study of the major trends, by H. R. Sanyal.--Language, culture, and race in South India, by H. K. Rakshit.--An analysis of Mayurbhanj palaeolith industry, by A. K. Ghosh.
651 0 _aIndia
_xCivilization.
700 1 _aBose, Nirmal Kumar.
700 1 _aSinha, Surajit,
_d1926-
_eed.
906 _a7
_bcbc
_corignew
_d4
_encip
_f19
_gy-gencatlg
942 _2ddc
_cBK